First Names of U.S. Presidents - Sudden Death - Statistics

General Stats
  • This quiz has been taken 143 times
  • The average score is 22 of 31
Answers on the Grid
Answers color-coded by a green-red scale on the quiz's grid according to % correct below.
Abraham
Andrew
Barack
Benjamin
Calvin
Chester
Donald
Dwight
Franklin
George
Gerald
Grover
Harry
Herbert
James
Jimmy
John
Joseph
Lyndon
Martin
Millard
Richard
Ronald
Rutherford
Theodore
Thomas
Ulysses
Warren
William
Woodrow
Zachary
Michael
Christopher
Charles
Daniel
Metthew
Anthony
Mark
Steven
Joshua
Paul
Kevin
Brian
Timothy
Jason
Edward
Jeffrey
Ryan
Larry
Scott
 
Answer Stats
Answer % Correct
Theodore
87%
Donald
83%
George
81%
Abraham
80%
Barack
80%
Dwight
79%
Lyndon
79%
Woodrow
79%
Franklin
78%
Ronald
78%
Ulysses
77%
John
76%
Andrew
72%
Gerald
72%
Jimmy
72%
William
71%
Grover
69%
Thomas
69%
Harry
68%
Zachary
68%
Benjamin
67%
Herbert
67%
James
66%
Calvin
65%
Richard
65%
Rutherford
65%
Warren
61%
Millard
60%
Martin
59%
Chester
58%
Joseph
48%
No matching quizzes found
Score Distribution
Percent of People with Each Score
Percentile by Number Answered
Your Score History
You have not taken this quiz